000 00642cam a2200205 4500
001 D15228
008 090401t1982 xxu||||| |||| 00| 0 eng d
035 _a(Sirsi) u21274
041 _aeng
050 _a711.14
110 _aRoyal Institution of Chartered Surveyors
_bValuation and Rating Committee
_9868
245 _aCompensation for compulsory purchase: revisions to the statutory rules. Discussion paper: revised draft 17 September 1982
260 _bRICS
_c1982
300 _a49p. 30cm
350 _a0
520 _aFiled in box RICS 1982/49 AB
710 _aCompensation Sub-Committee
_9872
942 _n0
948 _c04/03/1997
999 _c87948
_d87948